Szczegóły MARC21

Atlas geograficzny /

001 -Numer Kontrolny Rekordu [,]
    • @
    • pole kontrolne
    • xx001429823
003 -Nazwa instytucji, której n kontrolny jest w polu 001 [,]
    • @
    • Nazwa instytucji, której n kontrolny jest w polu 001
    • NUKAT
005 -DATA I CZAS OSTATNIEJ MODYFIKACJI [,]
    • @
    • pole kontrolne
    • 20250826203917.0
007 -Forma fizyczna dok. kartograficznego/obrazu teledetekcyjnego [,]
    • @
    • Dane kontrolne - forma fizyczna
    • ad can|n
008 -ELEMENTY DANYCH STAŁEJ DŁUGOŚCI [,]
    • @
    • pole kontrolne
    • 091005s1982 pl c e | 1 pol c
020 -Międzynarodowy znormalizowany numer książki - ISBN [ , ]
    • a
    • Numer ISBN
    • 8370000118 Find
034 -Zakodowane dane matematyczne [0, ]
    • a
    • Kod miary skali
    • a
040 -Instytucja sporządzająca opis [ , ]
    • a
    • Instytucja, która sporządziła opis (NP)
    • LUBL KUL/jj
    • c
    • Instytucja, która sporządziła rekord (NP)
    • LUBL KUL/jj
    • d
    • Instytucja, która zmodyfikowała rekord (P)
    • LUBL KUL/jj
    • d
    • Instytucja, która zmodyfikowała rekord (P)
    • WA 51/GD
942 -Rodzaj dokumentu [ , ]
    • c
    • Rodzaj dokumentu
    • Kartografia-mapy,atlasy
245 -Strefa tytułu i oznaczenia odpowiedzialności [0,0]
    • a
    • Tytuł
    • Atlas geograficzny / Find
    • c
    • Pozostałe elementy strefy tytułu i oznaczenia odpowiedzialności (NP)
    • [oprac. Państwowe Przedsiębiorstwo Wydawnictw Kartograficznych ; red. atlasu: Henryk Górski, Wanda Jędrzejewska].
250 -Strefa wydania [ , ]
    • a
    • Oznaczenie wydania (NP)
    • Wyd. 16.
255 -Strefa danych matematycznych [ , ]
    • a
    • Strefa danych matematycznych
    • Skale różne.
260 -Strefa adresu wydawniczego [ , ]
    • a
    • Miejsce wydania (P)
    • Warszawa ;
    • a
    • Miejsce wydania (P)
    • Wrocław :
    • b
    • Nazwa wydawcy (P)
    • Państwowe Przedsiębiorstwo Wydawnictw Kartograficznych,
    • c
    • Data wydania (P)
    • 1982.
300 -Strefa opisu fizycznego [ , ]
    • a
    • Określenie formy książki i/lub objętość (NP)
    • 1 atlas ([8] s., 120 s., 32 s.) :
    • b
    • Oznaczenie ilustracji (NP)
    • mapy kolor. ;
    • c
    • Format (NP)
    • 32 cm +
    • e
    • Oznaczenie dokumentu towarzyszącego (NP)
    • 2 mapy luz.
336 -Typ zawartości [ , ]
    • a
    • Termin opisujący typ zawartości
    • Mapa 2D
    • b
    • Kod określający zawartość
    • cri
    • 2
    • Źródło
    • rdacontent
337 -Typ medium [ , ]
    • a
    • Tryb odtwarzania
    • Bez urządzenia pośredniczącego
    • b
    • Kod typu mediów
    • n
    • 2
    • Źródło (termin i kod)
    • rdamedia
338 -Typ nośnika [ , ]
    • a
    • Termin określający typ nośnika
    • Wolumin
    • b
    • Kod określający typ nośnika
    • nb
    • 2
    • Źródło (termin i kod)
    • rdacarrier
500 -Uwaga ogólna [ , ]
    • a
    • Uwaga ogólna (NP)
    • Rzeźba terenu przedst. za pomocą hipsometrii i batymetrii barwnej, punktów wysokości i cieniowania.
500 -Uwaga ogólna [ , ]
    • a
    • Uwaga ogólna (NP)
    • Zawiera wykaz map.
504 -Uwaga dot. bibliografii załącznikowej [ , ]
    • a
    • Uwaga dot. bibliografii załącznikowej
    • Skorowidz nazw.
521 -Uwaga dot. przeznaczenia czytelniczego [8, ]
    • a
    • Uwaga dot. przeznaczenia czytelniczego
    • Do użytku szkół średnich.
650 -Hasło przedmiotowe [ ,7]
    • a
    • Hasło przedmiotowe
    • Geografia
    • v
    • Określnik formalny
    • podręczniki dla szkół średnich.
    • 9
    • KHW
    • 359137
655 -Hasło przedmiotowe - forma [ ,7]
    • a
    • Hasło - forma
    • Atlasy ogólnogeograficzne
    • y
    • Określnik chronologiczny
    • 1990-.
    • 2
    • Źródło terminu
    • kaba
    • 9
    • KHW
    • 360719
655 -Hasło przedmiotowe - forma [ ,7]
    • a
    • Hasło - forma
    • Atlasy szkolne
    • y
    • Określnik chronologiczny
    • 1990-.
    • 2
    • Źródło terminu
    • kaba
    • 9
    • KHW
    • 359580
700 -Hasło dodatkowe - nazwa osobowa [1, ]
    • a
    • Nazwa osobowa (NP)
    • Górski, Henryk Find
    • d
    • Daty biograficzne (NP)
    • (1929-2008).
    • e
    • Określenie rodzaju współpracy (NP)
    • Red.
    • 9
    • KHW
    • 60530
700 -Hasło dodatkowe - nazwa osobowa [1, ]
    • a
    • Nazwa osobowa (NP)
    • Jędrzejewska, Wanda. Find
    • e
    • Określenie rodzaju współpracy (NP)
    • Red.
    • 9
    • KHW
    • 60531
710 -Hasło dodatkowe - nazwa ciała zbiorowego [2, ]
    • a
    • Nazwa ciała zbiorowego lub nazwa geograficzna jako pierwszy element (NP)
    • Państwowe Przedsiębiorstwo Wydawnictw Kartograficznych.
    • 4
    • Kod relacji
    • pbl
    • 9
    • KHW
    • 56756
920 -ISBN [ , ]
    • a
    • ISBN
    • 83-7000-011-8 Find
Ubytek Kierowanie Akcesja Data wprowadzenia opisu Kod kreskowy Data inwentaryzacji Cena Status udost. Sygnatura Numer inwentarzowy Sposób nabycia
30/2011 - 2011-04-06BG 20023000668142000-06-160.02 N.6681 
 BM0.002016-04-272002100013797 320.001DF MagazynWF.1379k
 BSA 2010-08-032002000011596 320.001SA.1159SA.1159k